000 00357nam a2200133Ia 4500
008 240624s9999 xx 000 0 und d
041 _aeng
082 _a658 MAC
100 _aMACKEY AISLING
245 _aCLICK THROUGH A PRACTICAL GUIDE TO START
260 _c2012
_aNew Delhi
_bBPI India Pvt Ltd
300 _axii, : 145 : p. : cm. ; 23
365 _cRS
_b25
999 _c22452
_d22452